| 000 | 01308nam a22003737a 4500 | ||
|---|---|---|---|
| 003 | CHAP | ||
| 005 | 20220329133613.0 | ||
| 008 | 971013s1992 r 00010 d | ||
| 010 | _a8444 | ||
| 011 | _a9416 | ||
| 035 | _a8651 | ||
| 040 | _cCHAP | ||
| 090 | _aTesis | ||
| 100 | 0 | 0 |
_aCajuste Bontemps, Jacques. _917254 |
| 245 | _aEfecto del grado de madurez en la frigoconservación del aguacate (Persea americana M.) cultivar Hass | ||
| 260 |
_aMontecillo, Méx. : _bEl Autor, _c1992 |
||
| 300 | _a183 h. | ||
| 502 | _aTesis (M.C. Esp. en Fruticultura) -- Colegio de Postgraduados. Centro de Fruticultura | ||
| 590 |
_aALEPH _b10 _c20130110 _lUCH01 _h1223 |
||
| 590 |
_aBATCH-UPD _b10 _c20130109 _lUCH01 _h2345 |
||
| 590 |
_aBATCH-UPD _b10 _c20130110 _lUCH01 _h1452 |
||
| 590 |
_aBATCH-UPD _b10 _c20130409 _lUCH01 _h1915 |
||
| 590 |
_aBATCH-UPD _b10 _c20130410 _lUCH01 _h0918 |
||
| 590 |
_aBATCH-UPD _b10 _c20130913 _lUCH01 _h2257 |
||
| 590 |
_aCONVERSION _b10 _c20130109 _lUCH01 _h1306 |
||
| 650 | 1 | 4 |
_aAguacate _xMaduración. _92531 |
| 650 | 1 | 4 |
_aAguacate _xPreservacion. _92550 |
| 650 | 1 | 4 |
_aAguacate _xVariedades. _92559 |
| 650 | 1 | 4 |
_aFrío _xEfecto en aguacate. _943525 |
| 901 | _aBK | ||
| 942 | _cFOLL | ||
| 949 |
_bBC _cTES _d-18941 _eTS1 _h25784 _i8651 _si |
||
| 949 |
_bBC _cTES _d-18942 _eTS2 _fc.2 _h25785 _i8651 _si |
||
| 999 |
_c8444 _d8444 |
||